我可能錯了 : (Record no. 7630)
[ view plain ]
| 000 -LEADER | |
|---|---|
| fixed length control field | 01397cam a2200385 i 4500 |
| 001 - CONTROL NUMBER | |
| control field | .b18808323 |
| 003 - CONTROL NUMBER IDENTIFIER | |
| control field | YEEZEN |
| 005 - DATE AND TIME OF LATEST TRANSACTION | |
| control field | 20241230160003.0 |
| 008 - FIXED-LENGTH DATA ELEMENTS--GENERAL INFORMATION | |
| fixed length control field | 230322s2023 ch a r 000 0 chi d |
| 020 ## - INTERNATIONAL STANDARD BOOK NUMBER | |
| International Standard Book Number | 9789861344454 |
| Qualifying information | (平裝) : |
| Terms of availability | NT$450 |
| 040 ## - CATALOGING SOURCE | |
| Original cataloging agency | CJCU |
| Modifying agency | NTOU |
| Transcribing agency | CJCU |
| 041 1# - LANGUAGE CODE | |
| Language code of text/sound track or separate title | chi |
| Language code of original | swe |
| 042 ## - AUTHENTICATION CODE | |
| Authentication code | nbic |
| 090 ## - LOCALLY ASSIGNED LC-TYPE CALL NUMBER (OCLC); LOCAL CALL NUMBER (RLIN) | |
| Classification number (OCLC) (R) ; Classification number, CALL (RLIN) (NR) | 784.758 |
| 100 1# - MAIN ENTRY--PERSONAL NAME | |
| Personal name | 林德布勞 |
| Titles and words associated with a name | (Lindeblad, Björn Natthiko) |
| 100 1# - MAIN ENTRY--PERSONAL NAME | |
| Personal name | Lindeblad, Björn Natthiko. |
| 245 10 - TITLE STATEMENT | |
| Title | 我可能錯了 : |
| Remainder of title | 森林智者的最後一堂人生課 / |
| Statement of responsibility, etc. | 比約恩.納提科.林德布勞(Bjorn Natthiko Lindeblad), 卡洛琳.班克勒(Caroline Bankler), 納維德.莫迪里(Navid Modiri)著; 郭騰堅譯 |
| 246 30 - VARYING FORM OF TITLE | |
| Title proper/short title | 森林智者的最後一堂人生課 |
| 246 33 - VARYING FORM OF TITLE | |
| Title proper/short title | 森林智者的最後1堂人生課 |
| 250 ## - EDITION STATEMENT | |
| Edition statement | 初版 |
| 260 ## - PUBLICATION, DISTRIBUTION, ETC. | |
| Place of publication, distribution, etc. | 臺北市 : |
| Name of publisher, distributor, etc. | 先覺, |
| Date of publication, distribution, etc. | 2023.02 |
| 300 ## - PHYSICAL DESCRIPTION | |
| Extent | 224面 : |
| Other physical details | 彩圖, 部份彩像 ; |
| Dimensions | 21公分 |
| 490 1# - SERIES STATEMENT | |
| Series statement | 人文思潮 ; |
| Volume/sequential designation | 161. |
| 600 17 - SUBJECT ADDED ENTRY--PERSONAL NAME | |
| Personal name | 林德布勞 |
| Titles and other words associated with a name | (Lindeblad, Björn Natthiko, 1961-2022) |
| Source of heading or term | lcstt. |
| 650 #7 - SUBJECT ADDED ENTRY--TOPICAL TERM | |
| Topical term or geographic name entry element | 傳記 |
| Source of heading or term | lcstt. |
| 650 #7 - SUBJECT ADDED ENTRY--TOPICAL TERM | |
| Topical term or geographic name entry element | 比丘 |
| Source of heading or term | lcstt. |
| 650 #7 - SUBJECT ADDED ENTRY--TOPICAL TERM | |
| Topical term or geographic name entry element | 自我實現 |
| Source of heading or term | lcstt. |
| 700 1# - ADDED ENTRY--PERSONAL NAME | |
| Personal name | 班克勒 |
| Titles and other words associated with a name | (Bankler, Caroline) |
| 700 1# - ADDED ENTRY--PERSONAL NAME | |
| Personal name | 莫迪里 |
| Titles and other words associated with a name | (Modiri, Navid) |
| 700 1# - ADDED ENTRY--PERSONAL NAME | |
| Personal name | 郭, 騰堅 |
| 700 1# - ADDED ENTRY--PERSONAL NAME | |
| Personal name | Bankler, Caroline. |
| 700 1# - ADDED ENTRY--PERSONAL NAME | |
| Personal name | Modiri, Navid. |
| 765 0# - ORIGINAL LANGUAGE ENTRY | |
| Title | Jag kan ha fel och andra visdomar från mitt liv som buddhistmunk. |
| 942 ## - ADDED ENTRY ELEMENTS (KOHA) | |
| Source of classification or shelving scheme | 中文圖書分類法 |
| Koha item type | 一般圖書 |
| 撤銷狀態 | 遺失狀態 | 分類號來源 | 損壞狀態 | 不外借 | 永久館藏地 | 現在館藏地 | 書架位置 | 採購日期 | 全部借出 | 全部續借 | 完整索書號 | 條碼號 | 還書日 | 最後一次日期記錄 | Date last checked out | 一般價格有效日期 | Koha館藏類型 | 公開資訊 |
|---|---|---|---|---|---|---|---|---|---|---|---|---|---|---|---|---|---|---|
| 未註銷館藏 | 未遺失 | 中文圖書分類法 | 未損毀 | 可外借 | 怡仁綜合醫院圖書館 | 怡仁綜合醫院圖書館 | 2024-12-30 | 3 | 1 | 784.758 | C03214 | 2026-04-24 | 2026-04-10 | 2026-04-10 | 2024-12-30 | 一般圖書 | 當你需要安慰和勇氣時,比約恩溫暖的智慧會讓你跳脫固著的焦慮,找到內心的平靜 ◆在這十七年整日的精神修練中,我最珍視的一點就是:我對自己的每個念頭,再也不相信了。這是我的超能力。最棒的一點在於:這是所有人的超能力。 |